000
00292nam a2200121Ia 4500
008
150731s2000 xx 000 0 und d
082
_a
615.535
_b
P 00 B
100
_a
BHARTIYA YOGA PUB
245
_a
PRANAYAM VIGYAN
260
_b
BHARTIYA YOGA PUB.
_c
2000
300
_a
120
942
_2
ddc
_c
BK
_0
1
999
_c
7984
_d
7984